Statistics for Flags of Countries of the World in 1955

Click here to take the quiz!

General Stats

  • This quiz has been taken 131 times
  • The average score is 77 of 89

Answer Stats

Answer% Correct
Japan
100%
South Korea
100%
Poland
99%
Chile
97%
Finland
96%
Israel
95%
Pakistan
95%
Panama
95%
Switzerland
95%
Turkey
95%
Uruguay
95%
West Germany / East Germany
95%
Belgium
94%
Austria
93%
Denmark
93%
Lebanon
93%
United States
93%
Czechoslovakia
92%
Norway
92%
Albania
91%
Argentina
91%
Australia
91%
Brazil
91%
Bulgaria
91%
Iceland
91%
India
91%
Netherlands
91%
New Zealand
91%
People's Republic of China
91%
San Marino
91%
Spain
91%
United Kingdom
91%
France
90%
Ireland
90%
Mexico
90%
Monaco
90%
Nepal
90%
Soviet Union
90%
Vatican City
90%
Afghanistan
89%
Bhutan
89%
Ceylon
89%
Colombia
89%
Ecuador
89%
Indonesia
89%
Italy
89%
Luxembourg
89%
North Korea
89%
Portugal
89%
Saudi Arabia
89%
Sweden
89%
Thailand
89%
Jordan
88%
Peru
88%
Venezuela
88%
Cambodia
87%
Liberia
87%
Republic of China
87%
Honduras
86%
Liechtenstein
86%
Mongolia
85%
Libya
84%
Philippines
84%
Romania
84%
Andorra
83%
Dominican Republic
83%
El Salvador
83%
Paraguay
83%
Cuba
82%
Guatemala
82%
Hungary
82%
Nicaragua
82%
Costa Rica
81%
Haiti
80%
Yugoslavia
80%
South Africa
77%
Ethiopia
76%
North Vietnam
76%
Bolivia
75%
Canada
75%
Greece
75%
Syria
74%
Laos
73%
Iraq
71%
South Vietnam
69%
Iran
68%
Egypt
65%
Yemen
62%
Burma
60%

Score Distribution

Percentile by Number Answered

Percent of People with Each Score

Your Score History

You have not taken this quiz